<?xml version="1.0" encoding="UTF-8"?><?xml-stylesheet type="text/xsl" href="static/style.xsl"?><OAI-PMH xmlns="http://www.openarchives.org/OAI/2.0/" xmlns:xsi="http://www.w3.org/2001/XMLSchema-instance" xsi:schemaLocation="http://www.openarchives.org/OAI/2.0/ http://www.openarchives.org/OAI/2.0/OAI-PMH.xsd"><responseDate>2026-06-01T04:22:54Z</responseDate><request verb="GetRecord" identifier="oai:riuma.uma.es:10630/30637" metadataPrefix="marc">https://riuma.uma.es/rest/oai/request</request><GetRecord><record><header><identifier>oai:riuma.uma.es:10630/30637</identifier><datestamp>2026-02-03T10:21:34Z</datestamp><setSpec>com_10630_1685</setSpec><setSpec>col_10630_38055</setSpec></header><metadata><record xmlns="http://www.loc.gov/MARC21/slim" xmlns:dcterms="http://purl.org/dc/terms/" xmlns:doc="http://www.lyncode.com/xoai" xmlns:xsi="http://www.w3.org/2001/XMLSchema-instance" xsi:schemaLocation="http://www.loc.gov/MARC21/slim http://www.loc.gov/standards/marcxml/schema/MARC21slim.xsd">
   <leader>00925njm 22002777a 4500</leader>
   <datafield ind2=" " ind1=" " tag="042">
      <subfield code="a">dc</subfield>
   </datafield>
   <datafield ind2=" " ind1=" " tag="720">
      <subfield code="a">Rodríguez Mercado, Ángel Joaquín</subfield>
      <subfield code="e">author</subfield>
   </datafield>
   <datafield ind2=" " ind1=" " tag="260">
      <subfield code="c">2024</subfield>
   </datafield>
   <datafield ind2=" " ind1=" " tag="520">
      <subfield code="a">En la actualidad, hay muchos estudiantes con necesidades educativas especiales derivadas de problemas en el aprendizaje, como, por ejemplo, estudiantes con trastornos del neurodesarrollo, lo que les complica mucho el aprendizaje con respecto a estudiantes sin estos problemas. La falta de recursos de la mayoría de los centros educativos hace necesario el desarrollo de estrategias de aprendizaje y de detección de dificultades en el aprendizaje que permitan a estos estudiantes seguir con éxito su proceso de aprendizaje.&#xd;
Este proyecto intenta ayudar a los centros educativos permitiéndoles ofrecer a los niños y niñas con necesidades educativas especiales, una serie de actividades acordes con sus necesidades (que han sido diseñadas por psicólogos) e ir almacenando sus resultados para ir viendo su progreso y mejora.&#xd;
Con este fin, se ha desarrollado una aplicación web, donde el almacenamiento se realiza en una base de datos SQL, MySQL, el front-end está construido con el framework Angular de JavaScript y el back-end con el framework Spring Boot de Java.</subfield>
   </datafield>
   <datafield ind1="8" ind2=" " tag="024">
      <subfield code="a">https://hdl.handle.net/10630/30637</subfield>
   </datafield>
   <datafield tag="653" ind2=" " ind1=" ">
      <subfield code="a">Educación especial - Estudio y enseñanza</subfield>
   </datafield>
   <datafield tag="653" ind2=" " ind1=" ">
      <subfield code="a">Páginas web - Desarrollo</subfield>
   </datafield>
   <datafield tag="653" ind2=" " ind1=" ">
      <subfield code="a">MYSQL (Recurso electrónico)</subfield>
   </datafield>
   <datafield tag="653" ind2=" " ind1=" ">
      <subfield code="a">Informática - Trabajos Fin de Grado</subfield>
   </datafield>
   <datafield tag="653" ind2=" " ind1=" ">
      <subfield code="a">Grado en Ingeniería del Software - Trabajos Fin de Grado</subfield>
   </datafield>
   <datafield ind2="0" ind1="0" tag="245">
      <subfield code="a">Herramienta de evaluación de estudiantes con necesidades educativas especiales</subfield>
   </datafield>
</record>
</metadata></record></GetRecord></OAI-PMH>